| Tag |
First Indicator |
Second Indicator |
Subfields |
| LEADER |
00000cam a22000005i 4500 |
| 001 |
in00001118421 |
| 005 |
20150930082449.0 |
| 007 |
hd afa010baca |
| 008 |
900620s1836 xx a f000 0 spa d |
| 035 |
|
|
|a (OCoLC)21891223
|
| 035 |
|
|
|9 AFX2892AM
|
| 040 |
|
|
|a RQE
|c RQE
|d TXA
|d UtOrBLW
|
| 043 |
|
|
|a n-us-tx
|
| 049 |
|
|
|a TXAI
|
| 099 |
|
|
|a film
|a B
|a 1549
|a reel 14
|a no. 897
|
| 110 |
1 |
|
|a Mexico.
|b Ejército.
|b Ejército de Operaciones sobre Tejas.
|
| 245 |
1 |
0 |
|a Noticias oficiales :
|b nuevas victorias conseguidas sobre los sublevados de Tejas.
|
| 264 |
|
1 |
|a Puebla :
|b Reimpresas en la Oficina del Gobierno,
|c 1836.
|
| 300 |
|
|
|a 1 broadside ;
|c 84 x 31 cm.
|
| 336 |
|
|
|a text
|b txt
|2 rdacontent
|
| 337 |
|
|
|a microform
|b h
|2 rdamedia
|
| 338 |
|
|
|a microfilm reel
|b hd
|2 rdacarrier
|
| 500 |
|
|
|a Letters of Urrea, (Streeter Number 896) reprinted along with additional material.
|
| 533 |
|
|
|a Microfilm.
|b Woodbridge, Ct. :
|c Research Publications, Inc.,
|d 1981.
|e 1 microfilm reel ; 35 mm.
|f (Texas as province and republic, 1795-1845 ; reel 14, no. 897).
|
| 539 |
|
|
|a s
|b 1981
|d ctu
|e n
|
| 500 |
|
|
|a Microform.
|
| 651 |
|
0 |
|a Texas
|x History
|y Revolution, 1835-1836.
|
| 700 |
1 |
|
|a Urrea, José,
|d 1779-1849.
|
| 830 |
|
0 |
|a Texas as province and republic, 1795-1845.
|
| 999 |
|
|
|a MARS
|
| 999 |
f |
f |
|s d38eeda2-8754-3015-82ca-e23d6d16c8d3
|i 6787717b-1d8c-37f3-9229-ba553bf3b553
|t 0
|
| 952 |
f |
f |
|p default
|a Texas A&M University
|b College Station
|c Sterling C. Evans Library
|d Evans: Microforms (3rd floor)
|t 0
|e film B 1549 reel 14 no. 897
|h Other scheme
|i microform -- microfilm reel
|
| 998 |
f |
f |
|a film B 1549 reel 14 no. 897
|t 0
|l Evans: Microforms (3rd floor)
|